00317nam a2200121Ia 4500008004100000041000800041082001500049100001600064245004500080260003100125300003000156365000900186240624s9999 xx 000 0 und d aeng a352.48 CHE aCHEN GREG G aBUDGET TOOLS FINANCIAL METHODS IN THE PU c2009aWashingtonbCQ Press axi, : 276 : p. : cm. ; 23 cb30